000 01865nam0a2200373 i 4500
001 RU\NLR\BIBL_A\010528294
005 20260406143226.0
010 _a9785392154890
_91000
021 _aRU
_b2014-66845
_94081
035 _a(NILC)RuMoRGB-007546066
035 _a(NLR Aleph) 010528294
090 _a10245754
_c10245754
100 _a20141112d2015 um y0rusy50 ca
101 0 _arus
102 _aRU
105 _aa|||j|||001yy
200 1 _aПолитология
_eконспект лекций
_e[учебное пособие]
_fР. Т. Мухаев
210 _aМосква
_cПроспект
_d2015
_d[т. е. 2015]
215 _a223, [1] с.
_cил.
_d20
300 _aНа обороте тит. л. авт.: Мухаев Р.Т., д.полит.н., проф.
300 _aНа обл. подзаг.: политология как наука, история политических учений, структура политики и ее функции, власть как категория политической науки, современные теории лидерства, институты политического режима
300 _aФактическая дата выхода в свет - 2014
320 _aБиблиогр. в примеч.: с. 216 (18 назв.)
606 _aПолитология
_jУчебные издания для высших учебных заведений
_91294414
_3RU\NLR\AUTH\66217824
675 _a32-027.21(042.3)
686 1 _aФ.я73
700 1 _8rus
_7ca
_aМухаев
_bР. Т.
_gРашид Тазитдинович
_3RU\NLR\AUTH\773706
_9113699
801 0 _aRU
_bRuMoRKP
_c20100616
_gRCR
801 2 _aRU
_bРГБ
_c20140902
_grcr
801 1 _aRU
_bRuMoRKP
_c20100616
_2rusmarc
942 _cBOOK
980 _aNBR